[Event "Rewal op-B 17th"]
[Site "Rewal"]
[Date "2012.08.??"]
[Round "2"]
[White "Bobryk, Konrad"]
[Black "Hadzicki, Tomasz"]
[Result "1-0"]
[WhiteElo "1616"]
[BlackElo "1858"]
[PlyCount "53"]
[EventDate "2012.08.20"]
[EventType "swiss"]
[EventRounds "9"]
[EventCountry "POL"]
[SourceTitle "EXT 2014"]
[Source "ChessBase"]
[SourceDate "2013.11.20"]
[SourceVersion "1"]
[SourceVersionDate "2013.11.20"]
[SourceQuality "1"]

1. d4 f5 2. c4 e6 3. Nc3 d6 4. e4 c6 5. f4 b6 6. Nf3 a6 7. Bd3 Nd7 8. 0-0 Ne7 9. Be3 Bb7 10. Qc2 Qc7 11. Rfe1 0-0-0 12. b4 e5 13. d5 c5 14. bxc5 Nxc5 15. fxe5 dxe5 16. Rab1 Ng6 17. Bf1 h5 18. Rb2 h4 19. Reb1 Nf4 20. Rxb6 g5 21. Kh1 Ba8 22. Bxc5 Bxc5 23. Rxa6 Kd7 24. Nb5 Qc8 25. Rf6 Ke7 26. Rxf5 g4 27. Nxe5 1-0

[Event "Rewal op-B 17th"]
[Site "Rewal"]
[Date "2012.08.??"]
[Round "5"]
[White "Lopuszanski, Kamil"]
[Black "Bobryk, Konrad"]
[Result "1-0"]
[WhiteElo "1840"]
[BlackElo "1616"]
[PlyCount "53"]
[EventDate "2012.08.20"]
[EventType "swiss"]
[EventRounds "9"]
[EventCountry "POL"]
[SourceTitle "EXT 2014"]
[Source "ChessBase"]
[SourceDate "2013.11.20"]
[SourceVersion "1"]
[SourceVersionDate "2013.11.20"]
[SourceQuality "1"]

1. e4 c5 2. Nf3 Nc6 3. d4 cxd4 4. Nxd4 g6 5. Nc3 Bg7 6. Be3 Nf6 7. Bc4 d6 8. f3 0-0 9. Qd2 Bd7 10. Bb3 Qb8 11. h4 Rc8 12. 0-0-0 Ne5 13. h5 Nc4 14. Bxc4 Rxc4 15. g4 b5 16. hxg6 fxg6 17. g5 b4 18. Nd5 Nxd5 19. exd5 Qc7 20. Qh2 h5 21. gxh6 Bf6 22. h7+ Kh8 23. Qg2 g5 24. Kb1 Rc8 25. f4 gxf4 26. Rdg1 Qb8 27. Qg8+ 1-0

[Event "Gdansk op 14th"]
[Site "Gdansk"]
[Date "2012.07.26"]
[Round "6"]
[White "Pastuszko, Kinga"]
[Black "Bobryk, Konrad"]
[Result "1/2-1/2"]
[WhiteElo "1958"]
[BlackElo "1558"]
[PlyCount "62"]
[EventDate "2012.07.22"]
[EventType "swiss"]
[EventRounds "9"]
[EventCountry "POL"]
[SourceTitle "CBM 149 Extra"]
[Source "ChessBase"]
[SourceDate "2012.08.24"]
[SourceVersion "1"]
[SourceVersionDate "2012.08.24"]
[SourceQuality "1"]

1. Nf3 c5 2. g3 d5 3. Bg2 Nc6 4. 0-0 e5 5. d3 h6 6. Nbd2 Bd6 7. e4 d4 8. a4 Bg4 9. h3 Be6 10. Nc4 Bc7 11. Nh4 Qd7 12. Kh2 g5 13. Nf3 Nge7 14. Ng1 Ng6 15. Bf3 0-0-0 16. b3 Rdg8 17. Ba3 b6 18. Rb1 a5 19. Bg4 h5 20. Bxe6 Qxe6 21. Bc1 Qe7 22. Qf3 f6 23. Qf5+ Kb7 24. Na3 Nb4 25. Qf3 Qg7 26. Bd2 g4 27. Qg2 gxh3 28. Qxh3 h4 29. g4 Nf4 30. Bxf4 exf4 31. f3 Nc6 1/2-1/2

[Event "Gdansk op 14th"]
[Site "Gdansk"]
[Date "2012.07.24"]
[Round "4"]
[White "Olejarczyk, Bogdan"]
[Black "Bobryk, Konrad"]
[Result "1-0"]
[WhiteElo "2117"]
[BlackElo "1558"]
[PlyCount "73"]
[EventDate "2012.07.22"]
[EventType "swiss"]
[EventRounds "9"]
[EventCountry "POL"]
[SourceTitle "CBM 149 Extra"]
[Source "ChessBase"]
[SourceDate "2012.08.24"]
[SourceVersion "1"]
[SourceVersionDate "2012.08.24"]
[SourceQuality "1"]

1. d4 Nf6 2. Nf3 e6 3. Bf4 b6 4. e3 Bb7 5. h3 d5 6. Nbd2 Bd6 7. Ne5 0-0 8. Bd3 Nbd7 9. 0-0 Ne4 10. Nxd7 Qxd7 11. Nf3 f6 12. c3 Kh8 13. Qc2 g5 14. Bxd6 Qxd6 15. Bxe4 dxe4 16. Nd2 f5 17. Nc4 Qe7 18. Ne5 Rg8 19. g3 h5 20. c4 Raf8 21. Qc3 Kh7 22. Rad1 h4 23. Kg2 hxg3 24. fxg3 f4 25. d5 f3+ 26. Kf2 exd5 27. cxd5 Rf5 28. Ng4 Rd8 29. h4 Kg6 30. d6 Rxd6 31. Qh8 Qg7 32. Rxd6+ cxd6 33. h5+ Kf7 34. Nh6+ Kf6 35. Qxg7+ Kxg7 36. Nxf5+ Kf6 37. Nxd6 1-0

[Event "Gdansk op 13th"]
[Site "Gdansk"]
[Date "2011.07.21"]
[Round "6"]
[White "Bobryk, Konrad"]
[Black "Les, Czeslaw"]
[Result "0-1"]
[WhiteElo "1548"]
[BlackElo "1924"]
[PlyCount "66"]
[EventDate "2011.07.17"]
[EventType "swiss"]
[EventRounds "9"]
[EventCountry "POL"]
[SourceTitle "CBM 143 Extra"]
[Source "ChessBase"]
[SourceDate "2011.08.29"]
[SourceVersion "1"]
[SourceVersionDate "2011.08.29"]
[SourceQuality "1"]

1. d4 d5 2. c4 Nf6 3. Nc3 e6 4. Bg5 Be7 5. e3 c6 6. Nf3 Ne4 7. Bxe7 Qxe7 8. cxd5 exd5 9. Bd3 Bg4 10. 0-0 Nd7 11. Be2 Ndf6 12. Ne5 Bxe2 13. Qxe2 0-0 14. Rac1 Nxc3 15. bxc3 c5 16. Qb5 Rfe8 17. Rb1 Ne4 18. Rfc1 Rab8 19. Nc6 Qf6 20. Nxb8 Qxf2+ 21. Kh1 Rxb8 22. Qb2 Qxe3 23. Rc2 h5 24. dxc5 Qxc5 25. Rd1 Re8 26. Re2 Re6 27. Rf1 Qc4 28. Qxb7 Qxe2 29. Qxf7+ Kh8 30. Qf8+ Kh7 31. Qf5+ Rg6 32. Qf3 Qxf3 33. Rxf3 Ra6 0-1

[Event "Augustow Golden Rook op 53rd"]
[Site "Augustow"]
[Date "2011.06.03"]
[Round "9.19"]
[White "Bobryk, Konrad"]
[Black "Krasinski, Mateusz"]
[Result "1-0"]
[WhiteElo "1526"]
[BlackElo "1556"]
[PlyCount "97"]
[EventDate "2011.05.29"]
[EventType "team-swiss"]
[EventRounds "9"]
[EventCountry "POL"]
[SourceTitle "EXT 2023"]
[Source "ChessBase"]
[SourceDate "2022.10.05"]
[SourceVersion "1"]
[SourceVersionDate "2022.10.05"]
[SourceQuality "1"]
[WhiteTeam "Gizycko"]
[BlackTeam "Myslenice MLKSz"]
[WhiteTeamCountry "POL"]
[BlackTeamCountry "POL"]

1. d4 Nf6 2. c4 e6 3. Nc3 d5 4. Bg5 Be7 5. e3 b6 6. Bxf6 Bxf6 7. cxd5 exd5 8. Nf3 0-0 9. Bd3 h6 10. 0-0 Nc6 11. Rc1 Nb4 12. Bb1 Bb7 13. Qb3 a5 14. a3 Na6 15. Qc2 g6 16. Ne5 Bxe5 17. dxe5 Re8 18. f4 Bc8 19. e4 dxe4 20. Rcd1 Qe7 21. Nd5 Qc5+ 22. Qxc5 Nxc5 23. Nxc7 Bg4 24. Rde1 Nd3 25. Nxe8 Rxe8 26. Bxd3 exd3 27. h3 d2 28. hxg4 dxe1Q 29. Rxe1 f6 30. Kh2 fxe5 31. Rxe5 Rxe5 32. fxe5 Kf7 33. Kg3 Ke6 34. Kf4 Kd5 35. b3 b5 36. a4 b4 37. g3 Kc5 38. g5 h5 39. e6 Kd6 40. e7 Kxe7 41. Ke5 Kf7 42. Kd6 Ke8 43. Ke6 Kf8 44. Kf6 Kg8 45. Kxg6 h4 46. gxh4 Kh8 47. Kf7 Kh7 48. g6+ Kh6 49. g7 1-0

[Event "Augustow Golden Rook op 53rd"]
[Site "Augustow"]
[Date "2011.06.02"]
[Round "7.3"]
[White "Bobryk, Konrad"]
[Black "Lis, Marek"]
[Result "0-1"]
[WhiteElo "1526"]
[BlackElo "2116"]
[PlyCount "66"]
[EventDate "2011.05.29"]
[EventType "team-swiss"]
[EventRounds "9"]
[EventCountry "POL"]
[SourceTitle "EXT 2023"]
[Source "ChessBase"]
[SourceDate "2022.10.05"]
[SourceVersion "1"]
[SourceVersionDate "2022.10.05"]
[SourceQuality "1"]
[WhiteTeam "Gizycko"]
[BlackTeam "Czarna LKSz. GCKiP 1"]
[WhiteTeamCountry "POL"]
[BlackTeamCountry "POL"]

1. d4 d6 2. c4 e5 3. dxe5 dxe5 4. Qxd8+ Kxd8 5. Nc3 Be6 6. e3 Nd7 7. Nf3 f6 8. b3 c6 9. Bb2 Kc7 10. Be2 Nc5 11. 0-0 a5 12. Rfd1 Nh6 13. Ne1 a4 14. Nd3 a3 15. Nxc5 Bxc5 16. Bc1 Rhd8 17. Rxd8 Rxd8 18. Na4 Bb4 19. e4 b5 20. Bxh6 bxa4 21. Bc1 f5 22. f3 fxe4 23. fxe4 Rd4 24. Kf2 Rxe4 25. Bd3 Rh4 26. h3 h6 27. Be3 Bc3 28. Rb1 Bb2 29. Kg3 g5 30. Bc1 Rd4 31. Bc2 axb3 32. Bxb3 Rd3+ 33. Kf2 Rxb3 0-1

[Event "Augustow Golden Rook op 53rd"]
[Site "Augustow"]
[Date "2011.06.01"]
[Round "6.7"]
[White "Bobryk, Konrad"]
[Black "Poswiatowski, Michal"]
[Result "1/2-1/2"]
[WhiteElo "1526"]
[BlackElo "1970"]
[PlyCount "145"]
[EventDate "2011.05.29"]
[EventType "team-swiss"]
[EventRounds "9"]
[EventCountry "POL"]
[SourceTitle "EXT 2023"]
[Source "ChessBase"]
[SourceDate "2022.10.05"]
[SourceVersion "1"]
[SourceVersionDate "2022.10.05"]
[SourceQuality "1"]
[WhiteTeam "Gizycko"]
[BlackTeam "Suwalki Hancza"]
[WhiteTeamCountry "POL"]
[BlackTeamCountry "POL"]

1. d4 Nf6 2. c4 c5 3. Nf3 cxd4 4. Nxd4 g6 5. g3 Bg7 6. Bg2 0-0 7. Nc3 Nc6 8. 0-0 a6 9. Nc2 d6 10. b3 Bd7 11. Bb2 Rb8 12. Qd2 b5 13. cxb5 axb5 14. Ne3 Ne8 15. Ncd5 Bh6 16. f4 e5 17. Rfd1 f5 18. Nb4 Nxb4 19. Qxb4 e4 20. Nd5 Be6 21. e3 Rf7 22. Rac1 Bf8 23. Bf1 Rfb7 24. Rc2 Kf7 25. Kf2 Qd7 26. Be2 Bg7 27. Bxg7 Kxg7 28. Qc3+ Kf7 29. Qb4 Rc8 30. Rxc8 Qxc8 31. Qc3 Qxc3 32. Nxc3 Bd7 33. b4 Ke6 34. Ke1 Nc7 35. Rc1 Ke7 36. Kd2 Be6 37. Rb1 Kd7 38. a4 bxa4 39. Nxa4 Nb5 40. Bxb5+ Rxb5 41. Nc3 Rb6 42. b5 Bc4 43. Ra1 Rb7 44. Rb1 Kc7 45. b6+ Rxb6 46. Rxb6 Kxb6 47. Nb1 Bd3 48. Nc3 Kc5 49. Na4+ Kb5 50. Nb2 Kc5 51. Nxd3+ exd3 52. Kxd3 Kd5 53. Kd2 Ke4 54. Ke2 d5 55. Kf2 Kd3 56. Kf3 Kd2 57. Kf2 h6 58. h3 Kd3 59. Kf3 Kc3 60. g4 h5 61. gxf5 gxf5 62. Kg3 h4+ 63. Kxh4 Kd3 64. Kg5 Kxe3 65. h4 d4 66. h5 d3 67. h6 d2 68. h7 d1Q 69. h8Q Qg4+ 70. Kf6 Kxf4 71. Qb8+ Kf3 72. Qb3+ Kg2 73. Qc2+ 1/2-1/2

[Event "Augustow U18 op"]
[Site "Augustow"]
[Date "2011.02.26"]
[Round "9.4"]
[White "Chmielecka, Aleksandra"]
[Black "Bobryk, Konrad"]
[Result "1/2-1/2"]
[WhiteElo "1449"]
[BlackElo "1528"]
[PlyCount "74"]
[EventDate "2011.02.22"]
[EventType "swiss"]
[EventRounds "9"]
[EventCountry "POL"]
[SourceTitle "EXT 2023"]
[Source "ChessBase"]
[SourceDate "2022.10.05"]
[SourceVersion "1"]
[SourceVersionDate "2022.10.05"]
[SourceQuality "1"]

1. Nf3 d5 2. c4 c6 3. d4 Nf6 4. Bf4 e6 5. e3 Bb4+ 6. Nc3 Qa5 7. Qb3 Ne4 8. Rc1 Nd7 9. a3 Bxc3+ 10. bxc3 0-0 11. Bd3 f5 12. Bxe4 fxe4 13. Ne5 Nxe5 14. Bxe5 Qa6 15. c5 Qa5 16. 0-0 Qd8 17. Rb1 Rf7 18. h3 h6 19. a4 a6 20. Qb4 Qe8 21. a5 g6 22. Rb2 h5 23. Rfb1 g5 24. Qa4 Rh7 25. Qd1 Qg6 26. g4 h4 27. Kg2 Rf7 28. Qh1 Qh7 29. Qh2 Rf3 30. Bd6 Qg7 31. Be5 Qf7 32. Bd6 Qg7 33. Qe5 Qxe5 34. dxe5 Rf7 35. Rb4 Kg7 36. c4 Kg8 37. cxd5 exd5 1/2-1/2

[Event "Augustow U18 op"]
[Site "Augustow"]
[Date "2011.02.23"]
[Round "4.1"]
[White "Bobryk, Konrad"]
[Black "Oleksza, Radoslaw"]
[Result "0-1"]
[WhiteElo "1528"]
[BlackElo "1575"]
[PlyCount "72"]
[EventDate "2011.02.22"]
[EventType "swiss"]
[EventRounds "9"]
[EventCountry "POL"]
[SourceTitle "EXT 2023"]
[Source "ChessBase"]
[SourceDate "2022.10.05"]
[SourceVersion "1"]
[SourceVersionDate "2022.10.05"]
[SourceQuality "1"]

1. d4 Nf6 2. c4 g6 3. Nc3 Bg7 4. Bg5 d6 5. e4 0-0 6. Qd2 c5 7. d5 Qa5 8. Bd3 Nbd7 9. Bh6 Bxh6 10. Qxh6 Ne5 11. Qd2 Qb4 12. Nge2 Qxb2 13. Rb1 Qxd2+ 14. Kxd2 b6 15. f4 Nxd3 16. Kxd3 Ng4 17. Rbf1 f5 18. h3 fxe4+ 19. Nxe4 Nf6 20. N2c3 Nxe4 21. Nxe4 Bf5 22. g4 Bxe4+ 23. Kxe4 Rf7 24. Rf3 a6 25. Rb1 b5 26. cxb5 axb5 27. a3 Ra4+ 28. Ke3 Rxa3+ 29. Ke4 Ra4+ 30. Ke3 b4 31. Kf2 Rf8 32. g5 Rfa8 33. Re3 Ra2+ 34. Kf1 Ra1 35. Rbe1 Rxe1+ 36. Rxe1 Kf7 0-1